[Event "Madrid-ch Seniors"]
[Site "Madrid"]
[Date "2016.01.29"]
[Round "7"]
[White "Guimare Lorenzo, Juan Luis"]
[Black "Martin Rodriguez, Jose Luis"]
[Result "1-0"]
[WhiteElo "1605"]
[BlackElo "1313"]
[PlyCount "71"]
[EventDate "2016.01.22"]
[EventType "swiss"]
[EventRounds "7"]
[EventCountry "ESP"]
[SourceTitle "EXT 2017"]
[Source "ChessBase"]
[SourceDate "2016.10.25"]
[SourceVersion "1"]
[SourceVersionDate "2016.10.25"]
[SourceQuality "1"]

1. d4 Nf6 2. c4 e6 3. Nc3 Bb4 4. f3 d5 5. e3 0-0 6. Bd3 dxc4 7. Bxc4 Re8 8. e4 Nc6 9. Nge2 b6 10. 0-0 Bb7 11. Bg5 Be7 12. Qd2 a6 13. Be3 b5 14. Bb3 Bb4 15. Rad1 a5 16. a3 Bxc3 17. bxc3 Qe7 18. Qb2 Ba6 19. Rf2 Rab8 20. Bg5 Qf8 21. Bxf6 gxf6 22. f4 a4 23. Bc2 Na5 24. Bd3 Nc4 25. Qb4 Ne3 26. Rc1 Qh6 27. Rf3 Ng4 28. Rh3 Qg7 29. Rg3 h5 30. h3 Kh8 31. hxg4 hxg4 32. Kf2 Qh6 33. Qb1 Kg7 34. Rh1 Qg6 35. Rh4 Kf8 36. Rgxg4 1-0

[Event "Madrid-ch Seniors"]
[Site "Madrid"]
[Date "2016.01.28"]
[Round "6"]
[White "Guimare Lorenzo, Juan Luis"]
[Black "Algaba Traspuesto, Jose Antonio"]
[Result "1/2-1/2"]
[WhiteElo "1605"]
[BlackElo "1632"]
[PlyCount "86"]
[EventDate "2016.01.22"]
[EventType "swiss"]
[EventRounds "7"]
[EventCountry "ESP"]
[SourceTitle "EXT 2017"]
[Source "ChessBase"]
[SourceDate "2016.10.25"]
[SourceVersion "1"]
[SourceVersionDate "2016.10.25"]
[SourceQuality "1"]

1. d4 Nf6 2. c4 e5 3. d5 Bb4+ 4. Bd2 Qe7 5. a3 Bxd2+ 6. Nxd2 c6 7. e4 d6 8. Ne2 c5 9. Ng3 0-0 10. Be2 Na6 11. 0-0 Nc7 12. b4 b6 13. f4 Bd7 14. b5 a5 15. fxe5 Qxe5 16. Nf3 Qe7 17. Qd3 Rae8 18. Nd2 Qe5 19. Rae1 Re7 20. Bd1 Qg5 21. Qe3 Qxe3+ 22. Rxe3 Rfe8 23. h3 Bc8 24. Bc2 Nd7 25. Nf5 Re5 26. Nxd6 Rf8 27. Nxc8 Rxc8 28. Rf5 Rce8 29. Rxe5 Nxe5 30. g4 Rd8 31. Kg2 Ne8 32. Bd1 Nd6 33. Be2 g5 34. h4 f6 35. hxg5 fxg5 36. Rh3 Ng6 37. Kg3 Nf4 38. Rh2 Re8 39. Bf3 Kg7 40. Rh1 h6 41. Kf2 Nd3+ 42. Ke3 Ne5 43. Be2 Rf8 1/2-1/2

[Event "Madrid-ch Seniors"]
[Site "Madrid"]
[Date "2016.01.25"]
[Round "3"]
[White "Guimare Lorenzo, Juan Luis"]
[Black "Rodriguez Bachiller, Luis"]
[Result "1-0"]
[WhiteElo "1605"]
[BlackElo "1660"]
[PlyCount "65"]
[EventDate "2016.01.22"]
[EventType "swiss"]
[EventRounds "7"]
[EventCountry "ESP"]
[SourceTitle "EXT 2017"]
[Source "ChessBase"]
[SourceDate "2016.10.25"]
[SourceVersion "1"]
[SourceVersionDate "2016.10.25"]
[SourceQuality "1"]

1. d4 Nf6 2. c4 c5 3. d5 e6 4. Bg5 exd5 5. cxd5 Qb6 6. Bxf6 Qxf6 7. Nc3 Na6 8. e4 Nc7 9. Nf3 d6 10. Be2 a6 11. a4 b6 12. 0-0 Bb7 13. Qd2 g6 14. Rfe1 Bg7 15. e5 dxe5 16. Nxe5 Rd8 17. Ng4 Qd4 18. Bf3+ Kf8 19. Qc2 Nxd5 20. Re4 Nb4 21. Rxd4 Nxc2 22. Rxd8+ Ke7 23. Rxh8 Bxf3 24. gxf3 Bxh8 25. Rd1 Ke6 26. Ne3 Nd4 27. Kg2 f5 28. f4 h6 29. Ned5 b5 30. axb5 Nxb5 31. Nxb5 axb5 32. Nc7+ Ke7 33. Nxb5 1-0